Teória portfólia a poznatky z jeho aplikácie v praxi

Dva druhy investícií - reálne a finančné, ktoré bezprostredne ovplyvňujú skladbu portfólia. Zahraničné cenné papiere v portfóliách našich investorov. Význam manažmentu rizík a finančných derivátov. Druhy rizík.

Enregistré dans:
Détails bibliographiques
Auteur principal: Šlahor, Ľudomír
Autres auteurs: Trenčianska, Elena
Format: Chapitre de livre
Langue:slovaque
Sujets:
Tags: Ajouter un tag
Pas de tags, Soyez le premier à ajouter un tag!

MARC

LEADER 00000naa a2200000 4500
001 r021107
005 20230809082035.9
041 0 |a slo 
044 |a SK 
245 1 0 |a Teória portfólia a poznatky z jeho aplikácie v praxi  |c Ľ. Šlahor, E. Trenčianska 
520 |a Dva druhy investícií - reálne a finančné, ktoré bezprostredne ovplyvňujú skladbu portfólia. Zahraničné cenné papiere v portfóliách našich investorov. Význam manažmentu rizík a finančných derivátov. Druhy rizík. 
610 2 0 |a investície 
610 2 0 |a investovanie 
610 2 0 |a portfólio 
610 2 0 |a papiere cenné 
610 2 0 |a riziko 
610 2 0 |a deriváty 
610 2 0 |a výnosy 
610 2 0 |a teória portfólia 
100 1 |a Šlahor, Ľudomír 
700 1 |a Trenčianska, Elena